Teología del Dios vivo / (Record no. 82481)
[ view plain ]
| 000 -LEADER | |
|---|---|
| campo de control de longitud fija | 00554nam a2200181 i 4500 |
| 001 - NÚMERO DE CONTROL | |
| campo de control | 82481 |
| 003 - IDENTIFICADOR DE NÚMERO DE CONTROL | |
| campo de control | ES-MaACL |
| 005 - FECHA Y HORA DE LA ÚLTIMA TRANSACCIÓN | |
| campo de control | 20250830062136.0 |
| 008 - DATOS DE LONGITUD FIJA--INFORMACIÓN GENERAL | |
| campo de control de longitud fija | 041110s1969 sp |||| | spa d |
| 100 1# - ENTRADA PRINCIPAL--NOMBRE DE PERSONA | |
| Nombre de persona | Illanes Maestre, José Luis. |
| 9 (RLIN) | 65188 |
| 245 10 - MENCIÓN DEL TÍTULO | |
| Título | Teología del Dios vivo / |
| Mención de responsabilidad, etc. | José Luis Illanes Maestre. |
| 260 ## - PUBLICACIÓN, DISTRIBUCIÓN, ETC. | |
| Lugar de publicación, distribución, etc. | [Madrid] : |
| Nombre del editor, distribuidor, etc. | Palabra, |
| Fecha de publicación, distribución, etc. | [1969] |
| 300 ## - DESCRIPCIÓN FÍSICA | |
| Extensión | 63 p. ; |
| Dimensiones | 14 cm. |
| 595 ## - | |
| -- | Separata de la revista Palabra, n. 34, 1968. |
| 650 07 - PUNTO DE ACCESO ADICIONAL DE MATERIA--TÉRMINO DE MATERIA | |
| Término de materia o nombre geográfico como elemento de entrada | Teología natural |
| Fuente del encabezamiento o término | embne |
| 9 (RLIN) | 17471 |
| 852 ## - LOCALIZACIÓN | |
| Ubicación | ES-MaACL |
| Número de control de estantería | C-53634 |
| Estatus retirado | Estado de pérdida | Estado de daño | No para préstamo | Biblioteca de origen | Biblioteca actual | Ubicación en estantería | Fecha de adquisición | Fuente de adquisición | Total de préstamos | Signatura topográfica completa | Código de barras | Visto por última vez | Precio de reemplazo | Tipo de ítem Koha |
|---|---|---|---|---|---|---|---|---|---|---|---|---|---|---|
| Biblioteca del Ateneo de Madrid | Biblioteca del Ateneo de Madrid | Depósito 2 | 17/01/2008 | C-53634 | 1086198 | 23/02/2023 | 23/02/2023 | Libro impreso |
